| 000 | 00766nam a2200205 a 4500 | ||
|---|---|---|---|
| 003 | 0 | ||
| 005 | 20250219110106.0 | ||
| 008 | 110621s19uu xx 00 eng d | ||
| 050 |
_aPHS GV 711 _b.E11 2011 |
||
| 100 | _aEnciso, Verniece B. | ||
| 245 |
_aVarsity sports and self management strategies of selected athletes on SISC high school students / _cVerniece B. Enciso. |
||
| 260 |
_aLas PiƱas City, Philippines : _bSouthville International School and Colleges, _c2011. |
||
| 300 |
_a30 pages : _billustrations ; _c28 cm. |
||
| 504 | _aIncludes bibliographical references. | ||
| 650 |
_aSelf management _xVarsity. |
||
| 650 |
_aStudent athletes _xPsychology. |
||
| 650 |
_aAthletes _xTraining of. |
||
| 650 |
_aSports _xPsychological aspects. |
||
| 942 |
_2lcc _cPASS |
||
| 999 |
_c98589 _d98589 |
||